Construction graphics (Record no. 103400)

MARC details
000 -LEADER
fixed length control field 01251cam a2200253 4500
008 - FIXED-LENGTH DATA ELEMENTS--GENERAL INFORMATION
fixed length control field 040318n2004 000 0 eng u
020 ## - INTERNATIONAL STANDARD BOOK NUMBER
International Standard Book Number 0471219835
035 ## - SYSTEM CONTROL NUMBER
System control number (Sirsi) u125473
041 ## - LANGUAGE CODE
Language code of text/sound track or separate title eng
050 ## - LIBRARY OF CONGRESS CALL NUMBER
Classification number 692.1
-- 21
100 ## - MAIN ENTRY--PERSONAL NAME
Personal name Bisharat, Keith
245 ## - TITLE STATEMENT
Title Construction graphics
Remainder of title a practical guide to interpreting working drawings
260 ## - PUBLICATION, DISTRIBUTION, ETC.
Place of publication, distribution, etc. Hoboken
-- New Jersey
Name of publisher, distributor, etc. Wiley
Date of publication, distribution, etc. 2004
300 ## - PHYSICAL DESCRIPTION
Extent xi, 367p.
Other physical details ill.
Dimensions 30cm.
350 ## - PRICE (NR) (BK AM CF MU VM SE) [OBSOLETE]
Price 39.55
520 ## - SUMMARY, ETC.
Summary, etc. This heavily illustrated American book bridges the gap between construction drawings and the materials and processes required to build a structure. Provides an overview of graphic communication, the construction business environment, the design professional's work product and construction drawing fundamentals. Following chapters cover construction drawings in site construction, foundations, framing systems, cladding and glazing, roof systems, interior construction, plumbing, HVAC systems and shop drawings. Glossary and references.
650 ## - SUBJECT ADDED ENTRY--TOPICAL TERM
Topical term or geographic name entry element TECHNICAL DRAWINGS
650 ## - SUBJECT ADDED ENTRY--TOPICAL TERM
Topical term or geographic name entry element CONSTRUCTION DRAWINGS
650 ## - SUBJECT ADDED ENTRY--TOPICAL TERM
Topical term or geographic name entry element UNITED STATES
650 ## - SUBJECT ADDED ENTRY--TOPICAL TERM
Topical term or geographic name entry element CONSTRUCTION PROCESSES
650 ## - SUBJECT ADDED ENTRY--TOPICAL TERM
Topical term or geographic name entry element CONSTRUCTION METHODS
690 ## - LOCAL SUBJECT ADDED ENTRY--TOPICAL TERM (OCLC, RLIN)
Topical term or geographic name as entry element BUILT ENVIRONMENT-CONSTRUCTION DESIGN
942 ## - ADDED ENTRY ELEMENTS (KOHA)
Suppress in OPAC 0
Holdings
Withdrawn status Lost status Source of classification or shelving scheme Damaged status Not for loan Home library Current library Shelving location Date acquired Cost, normal purchase price Total Checkouts Full call number Barcode Date last seen Date last checked out Copy number Cost, replacement price Price effective from Koha item type
    Dewey Decimal Classification     London London Folio 31/03/2004 16.95 5 F692.1 BIS 30069087 06/08/2019 24/12/2009 1 16.95 06/08/2019 Book